000 00677nac a22002051ca4500
001 a02429
008 170707s2000 gw |||| 000u ger d
020 _a3770154215
_93-7701-5421-5
041 _ager
245 0 0 _aJenseits der Grenzen :
_bFranzösische und deutsche Kunst vom Ancien Régime bis zur Gegenwart /
_cThomas W. Gaethgens zum 60. Geburtstag
246 1 0 _aFranzösische und deutsche Kunst vom Ancien Régime bis zur Gegenwart
264 _aKöln :
_bDuMont,
_c2000
655 0 _aFestschrift
700 1 _aFleckner, Uwe
_eHerausgeberIn
700 1 _aGaehtgens, Thomas W
_eGefeierteR
942 _cMG
040 _cRU-10907106
003 RU-10907106
999 _c31616
_d31616